000 01310nam a22002177a 4500
001 6310
003 FISKH
005 20250528091904.0
008 250409b cb ||||| |||| 00| 0 eng d
040 _aFISKH
_bkhr
_cFISKH
_dFISKH
050 _aPZ7
082 _a895.9323
100 _aH L K
245 _aពុទ្ធិសែន នាងកង្រី /
_cអ្នករៀបរៀង អ​ ល គ
260 _aភ្នំពេញ :
300 _a27 pages :
_billustrations ;
_c20 cm .
520 _aមានសេដ្ឋីនៅនគរមួយជាមនុស្សអត់កូន គាត់បាននាំប្រពន្ធទៅបន់ស្រន់រហូតបានកូន១២នាក់។ ជាអកុសលគាត់ក៏ធ្លាក់ខ្លួនក្រ ហើយក៏សម្រេចចិត្តយកកូនៗទៅបោះចោលនៅក្នុងព្រៃ ។​ក្រោយមកយក្សស្រីក៏យកនាង១២ទៅបម្រើកូនខ្លួនឈ្មោះ កង្រី។​
650 _aពុទ្ធិសែន នាងកង្រី​
_vអក្សរសិល្ប៏ខ្មែរ
650 _aPuthisen Neangkorngrey
_vKhmer Literature
942 _2ddc
_cBK
_n0
999 _c6310
_d6310